000 004290000a22001810004500
003 MACL
005 20150804125458.0
008 150804b xxu||||| |||| 00| 0 eng d
040 _aMACL
_cMACL
041 _aEnglish
082 _a392
100 _aApte, Dr, Usha M.
_94552
245 _aVedic Hindu and Tribal Marriage
260 _bAware
_c1982
_aHyderabad
350 _a100
650 _aCustoms
_94260
942 _cBK
_k392
_2ddc
999 _c5590
_d5590